Punishment and rehabilitation

Bibliographic Details
Main Author: Murphy, Jeffrie G. (Author)
Format: Book
Published: Belmont, Ca. : Wadsworth , 1973
Subjects:

MARC

LEADER 00000cam a2200000 7i4500
001 0000007073
005 20021119093000.0
008 021119n
020 |a 0534003354 
050 0 0 |a HV7405   |b .P8 
090 0 0 |a HV7405   |b .P8 
245 0 0 |a Punishment and rehabilitation   |c edited by Jeffrie G. Murphy 
260 2 |a Belmont, Ca. :   |b Wadsworth ,   |c 1973 
300 |a 240 p. ; ;   |c 21 cm. 
504 |a Includes bibliography (p. 237) 
650 0 |a Punishment 
650 0 |a Rehabilitation 
700 0 |a Murphy, Jeffrie G. ,   |e author 
999 |a 1000027556   |b Book   |c OPEN SHELF (30 DAYS)   |e Gong Badak Campus